Fast & Furious Franchise - Statistics

General Stats
  • This quiz has been taken 79 times
  • The average score is 11 of 22
Answer Stats
Type Year Name Info % Correct
Film 2001 The Fast and the Furious Universal
100%
Video Game 2004 The Fast and the Furious Raw Thrills
100%
Video Game 2006 The Fast and the Furious Namco Bandai Games
100%
Film 2009 Fast & Furious Universal
95%
Film 2011 Fast Five Universal
89%
Film 2003 2 Fast 2 Furious Universal
88%
Film 2006 The Fast and the Furious: Tokyo Drift Universal
86%
Film 2017 The Fate of the Furious Universal
83%
Film 2013 Fast & Furious 6 Universal
82%
Video Game 2011 Fast Five the Movie: Official Game Gameloft
80%
Film 2015 Furious 7 Universal
71%
Film 2019 Fast & Furious Presents: Hobbs & Shaw Universal
63%
Film 2021 Fast & Furious 9 Universal
46%
Short Film 2009 Los Bandoleros Universal
18%
Web Series 2019 Fast & Furious Spy Racers Netflix
11%
Video Game 2019 Fast & Furious: Crossroads Bandai Namco Entertainment
8%
Video Game 2013 Fast & Furious: Showdown Activision
5%
Video Game Expansion Pack 2015 Forza Horizon 2 Presents Fast & Furious Microsoft Studios
5%
Short Film 2003 The Turbo Charged Prelude for 2 Fast 2 Furious Universal
5%
Video Game 2008 The Fast and the Furious: Pink Slip Firemint
2%
Video Game 2010 Fast & Furious: Adrenaline IPlay
0%
Play 2018 Fast & Furious Live Universal
0%
No matching quizzes found
Score Distribution
Percent of People with Each Score
Percentile by Number Answered
Your Score History
You have not taken this quiz